'Pi' Game Quiz Stats

Quiz Updated Mar 15, 2016

Also try: Digits of Pi
Challenge
Share
Tweet
Embed
Score 0/26 Timer 07:00
1 Play Today
Hint Answer % Correct
Zodiac SignPisces
71.6%
PlanetJupiter
69.6%
Orchestral InstrumentPiano
66.8%
Santa's ReindeerCupid
61.1%
US StateMississippi
59.8%
Clue(do) WeaponLead pipe
58.4%
Orchestral InstrumentPiccolo
57.3%
Pope NamePius
48.2%
Chinese ZodiacPig
47.3%
MLB TeamPirates
45%
Zodiac SignScorpio
37%
CountryPhilippines
32.9%
NBA TeamPistons
32.8%
Hint Answer % Correct
State CapitalPierre
31.3%
US PresidentPierce
30.7%
Lobe of the BrainOccipital
25.3%
UK Prime MinisterWilliam Pitt the Elder
20.6%
UK Prime MinisterWilliam Pitt the Younger
20.6%
Bible BookPhilippians
19.3%
State CapitalOlympia
19.2%
NHL TeamCapitals
12.2%
1-Word Crayola ColorSepia
9.1%
CountryEthiopia
9.1%
World CapitalApia
7.2%
ElementEuropium
6.1%
Orchestral InstrumentGlockenspiel
4.3%

You're not logged in!

Compare scores with friends on all Sporcle quizzes.
Join for Free
OR
Log In

You Might Also Like...

Show Comments

Extras

Top Quizzes Today


Score Distribution

Your Account Isn't Verified!

In order to create a playlist on Sporcle, you need to verify the email address you used during registration. Go to your Sporcle Settings to finish the process.

Report this User

Report this user for behavior that violates our Community Guidelines.

Details: